1597 1423 1716 1482 1461 1178 1003 1271 1320 1116 1865 1055 1797 1929 1519 1903 1009 1021 1154 1878 1482 1344 1038 1918 1225 1330 1130 1358 1475 1406 1868 1109 1634 1602 1634 1404 1535 1601 1364 1932 1553 1679 1648 1611 1324 1116 1325 1068 1358 1748 1149 1108 1901 1258 1228 1854 1452 1465 1570 1223 1092 1085 1567 1376 1823 1917 1275 1656 1734 1439 1103 1744 1826 1656 1285 1289 1219 1795 1527 1711 1293 1321 1652 1744 1892 1347 1476 1551 1301 1697 1086 1964 1360 1091 1928 1237 1429 1790 1536 BCNSPRNW ULIB Ver.6.0+V

เปลี่ยนเป็นภาษาไทย

Change to English
 แสดงรายละเอียดบรรณานุกรม
  กลับหน้าหลัก

Brief Record : Get Marc (ISO 2709) : E-mail record : QR code < ปิดหน้าต่าง
LEADER : 00000nam 2200000uu 4500
001    13399120249
003     ULIB
008    120917s2549||||th 000 0 tha d
020    ^a9742762597
020    ^a9789742762599
050  4 ^aQU4^bล238ช
100 0  ^aลัดดา เอกสมทราเมษฐ์
245 10 ^aชีววิทยาของเซลล์ =^bCell biology /^cลัดดา เอกสมทราเมษฐ์
246 31 ^aCell biology
250    ^aพิมพ์ครั้งที่ 2
260    ^aกรุงเทพฯ :^bโอเดียนสโตร์,^c2549
300    ^a255 หน้า :^bภาพประกอบ ;^c24 ซม.
650  4 ^aเซลล์
650  4 ^aชีววิทยา
945    ^p195^l0^i15239
945    ^p195^l0^i15240
945    ^p195^l0^i15241
995    ^aกัณชพร
999    ^aใช้งานได้ทุกระบบ
รายการนี้ยังไม่มีแท็ก
คุณยังไม่ได้ล็อกอิน คุณสามารถมีกิจกรรมร่วมกับเว็บไซต์ได้ แต่ต้องล็อกอินก่อน ::
  ล็อกอิน

รายการสื่อสารสนเทศ

ลำดับที่ ประเภท เลขเรียก/บาร์โค้ด สถานที่ สถานะ
1. วิทยาศาสตร์การแพทย์ และสุขภาพ
วิทยาศาสตร์การแพทย์ และสุขภาพ
QU4 ล238ช  
  Barcode: 15239
ห้องสมุดวิทยาเขตสวรรค์ประชารักษ์
►หนังสือทั่วไป
บนชั้น
2. วิทยาศาสตร์การแพทย์ และสุขภาพ
วิทยาศาสตร์การแพทย์ และสุขภาพ
QU4 ล238ช ฉ.2 
  Barcode: 15240
ห้องสมุดวิทยาเขตสวรรค์ประชารักษ์
►หนังสือทั่วไป
บนชั้น
3. วิทยาศาสตร์การแพทย์ และสุขภาพ
วิทยาศาสตร์การแพทย์ และสุขภาพ
QU4 ล238ช ฉ.3 
  Barcode: 15241
ห้องสมุดวิทยาเขตสวรรค์ประชารักษ์
►หนังสือทั่วไป
บนชั้น

รายการใกล้เคียง
    ผู้แต่ง [ลัดดา เอกสมทราเมษฐ์]

    หัวเรื่อง [เซลล์]
    หัวเรื่อง [ชีววิทยา]

BibComment


ยังไม่เคยถูกคอมเมนท์

คอมเมนท์ทรัพยากรรายการนี้
  คอมเมนท์: ชีววิทยาของเซลล์..


 Copyright 2026. Bcnsprnw @Library